Estudio a nivel de perfil del proyecto empedrado de 1 km Tramo: Fruta de Pan- Dibahil, en el municipio de Rosita
Realiza un estudio a nivel de perfil del proyecto “Empedrado de 1km tramo: Fruta de pan-Dibahil en el Municipio de Rosita y establecer las necesidades del proyecto mediante un estudio de demanda, tamaño, proceso, localización e ingeniería de proyecto a través de un estudio técnico.
| Main Authors: | , |
|---|---|
| Other Authors: | |
| Format: | Tesis Section = Libro |
| Language: | Undetermined Spanish |
| Published: |
Managua
UNI
2017
|
| Subjects: |
| LEADER | 01228nam a2200265Ia 4500 | ||
|---|---|---|---|
| 008 | 240830s9999 xx 000 0 und d | ||
| 040 | |a BIBLIOTECA-RUPAP Mon 625.7 R696 | ||
| 041 | |a spa | ||
| 082 | |a Mon 625.7 R696 | ||
| 100 | 1 | |a Rodríguez Peck, Maynor Heriberto | |
| 100 | 1 | |b Moncada López, Giovanna Alejandra | |
| 245 | 1 | 0 | |a Estudio a nivel de perfil del proyecto empedrado de 1 km Tramo: Fruta de Pan- Dibahil, en el municipio de Rosita |
| 260 | |a Managua |b UNI |c 2017 | ||
| 300 | |a 88 p. :il. | ||
| 500 | |a Contiene: anexos y CD. | ||
| 502 | |a Tesis (Ingeniero Civil)- UNI, 2017. | ||
| 520 | 3 | |a Realiza un estudio a nivel de perfil del proyecto “Empedrado de 1km tramo: Fruta de pan-Dibahil en el Municipio de Rosita y establecer las necesidades del proyecto mediante un estudio de demanda, tamaño, proceso, localización e ingeniería de proyecto a través de un estudio técnico. | |
| 650 | 7 | |a CONSTRUCCION DE CARRETERAS - PROYECTOS - ROSITA - REGION AUTONOMA DE LA COSTA CARIBE NORTE | |
| 650 | 7 | |b INGENIERIA DE PROYECTOS | |
| 650 | 7 | |c INFRAESTRUCTURA VIAL | |
| 650 | 7 | |d ESTUDIO DE TRAFICO VEHICLAR | |
| 700 | 1 | |a Tutor: |b Fonseca Chávez, Miguel Antonio | |
| 942 | |c BK |2 ddc | ||
| 991 | |a TESIS | ||
| 999 | |c 15991 | ||